| 000 | 01711cam a2200373 a 4500 | ||
|---|---|---|---|
| 001 | 7143550 | ||
| 003 | ARRUPE | ||
| 005 | 20150113135155.0 | ||
| 008 | 080707s2009 inu b s001 0 eng | ||
| 010 | _a 2008029698 | ||
| 020 | _a9780253352781 (cloth : alk. paper) | ||
| 020 | _a0253352789 (cloth : alk. paper) | ||
| 020 | _a9780253220530 (pbk. : alk. paper) | ||
| 020 | _a025322053X (pbk. : alk. paper) | ||
| 024 | _a40016570220 | ||
| 035 | _a(OCoLC)ocn234234083 | ||
| 035 | _a(OCoLC)234234083 | ||
| 035 | _a(NNC)7143550 | ||
| 040 |
_aDLC _cDLC _dBTCTA _dYDXCP _dUKM _dCDX _dC#P _dOrLoB-B |
||
| 050 | 0 | 0 |
_aB945.L274 _bI56 2009 |
| 082 | 0 | 0 |
_a191 _222 |
| 100 | 1 |
_aInnis, Robert E. _913817 |
|
| 245 | 1 | 0 |
_aSusanne Langer in focus : _bthe symbolic mind / _cRobert E. Innis. |
| 260 |
_aBloomington : _bIndiana University Press, _cc2009. |
||
| 300 |
_axvi, 278 p. ; _c24 cm. |
||
| 490 | 1 | _aAmerican philosophy | |
| 504 | _aIncludes bibliographical references (p. [261]-268) and index. | ||
| 505 | 0 | 0 |
_gIntroduction. _tLinks, Themes, and Intersections -- _g1. _tThe Roots of Langer's Philosophical Project: On the "Logic" of Meaning -- _g2. _tSymbolic Transformation: Philosophy's New Key -- _g3. _tMeaning after Language: Ritual, Myth, and Art -- _g4. _tFraming the Art Symbol: Forms of Feeling -- _g5. _tArt Forms: The Logic of Primary Illusions -- _g6. _tThe Mind of Feeling -- _g7. _tFrom Acts to Symbolization -- _g8. _tThe Symbolic Animal -- _g9. _tPlacing Langer's Philosophical Project. |
| 600 | 1 | 0 |
_aLanger, Susanne K. _q(Susanne Katherina Knauth), _d1895-1985. _913810 |
| 830 | 0 |
_aAmerican philosophy. _913818 |
|
| 900 | _bTOC | ||
| 942 |
_2lcc _cMONOGRAPH |
||
| 948 | 1 |
_a20090422 _bc _csl13 _dMPS |
|
| 999 |
_c121620 _d121620 |
||